Prénoms de stars - Série 16 - Statistiques

Statistiques générales
  • Ce quiz a été pris 199 fois
    159 depuis la dernière actualisation
  • Le résultat moyen est 6 sur 10
Statistiques - réponses
Nom Prénom % Correct
Gabin Jean
97%
Noiret Philippe
82%
Diouf Mouss
68%
Jouvet Louis
57%
Simon Michel
55%
Blanche Francis
53%
Meurisse Paul
53%
Zem Roschdy
34%
Ronet Maurice
33%
Boyer Charles
20%
Aucun quiz correspondant
Distribution des résultats
% des personnes avec chaque résultat
Percentile par nombre de réponses
Votre historique - résultats
Vous n’avez pas pris ce quiz depuis la dernière actualisation